2025-2026 Los Angeles Chargers Roster - Statistics

General Stats
  • This quiz has been taken 28 times
  • The average score is 22 of 51
Answer Stats
Position Name % Correct
Quarterback Justin Herbert
100%
Running Back Omarion Hampton
100%
Running Back Kimani Vidal
91%
Wide Receiver Ladd McConkey
91%
Tight End Oronde Gadsden II
91%
Quarterback Trey Lance
91%
Placekicker Cameron Dicker
82%
Long Snapper Josh Harris
82%
Wide Receiver Keenan Allen
82%
Wide Receiver Tre Harris
82%
Offensive Lineman Andre James
73%
Safety Derwin James Jr,
73%
Linebacker Khalil Mack
73%
Tight End Will Dissly
73%
Wide Receiver Quentin Johnson
64%
Offensive Lineman Bradley Bozeman
55%
Offensive Lineman Zion Johnson
55%
Cornerback Benjamin St-Juste
45%
Linebacker Denzel Perryman
45%
Offensive Lineman Mekhi Becton
45%
Fullback Scott Matlock
45%
Offensive Lineman Bobby Hart
36%
Cornerback Cam Hart
36%
Linebacker Daiyan Henley
36%
Cornerback Donte Jackson
36%
Running Back Hassan Haskins
36%
Punter J.K. Scott
36%
Linebacker Odafe Oweh
36%
Cornerback Tarheeb Still
36%
Defensive Lineman Teair Tart
36%
Safety Tony Jefferson
36%
Offensive Lineman Trey Pipkins III
36%
Tight End Tyler Conklin
36%
Wide Receiver Derius Davis
27%
Cornerback Elijah Molden
27%
Running Back Jaret Patterson
27%
Linebacker Tuli Tuipulotu
27%
Linebacker Bud Dupree
18%
Defensive Lineman Justin Eboigbe
18%
Offensive Lineman Trevor Penning
18%
Defensive Lineman Da’Shawn Hand
9%
Linebacker Del’Shawn Phillips
9%
Offensive Lineman Jamaree Salyer
9%
Defensive Lineman Otito Ogbonnia
9%
Linebacker Troy Dye
9%
Tight End Tucker Fisk
9%
Cornerback Deane Leonard
0%
Defensive Lineman Jamaree Caldwell
0%
Safety Kendall Williamson
0%
Linebacker Kyle Kennard
0%
Linebacker Marlowe Wax
0%
No matching quizzes found
Score Distribution
Percent of People with Each Score
Percentile by Number Answered
Your Score History
You have not taken this quiz